| 000 | 01782cam a2200457 a 4500 | ||
|---|---|---|---|
| 001 | 3333823 | ||
| 003 | OSt | ||
| 005 | 20211101105926.0 | ||
| 006 | m d | ||
| 007 | cr un |||||||| | ||
| 008 | 020306s2002 nyua s 001 0 eng d | ||
| 020 | _a0071210598 | ||
| 035 | _a(OCoLC)403873618 | ||
| 035 | _a(OCoLC)ocn403873618 | ||
| 035 | _a(NyBiKC)475 | ||
| 035 | _a(NNC)3333823 | ||
| 038 | _akhadija | ||
| 040 |
_aNyBiKC _cNyBiKC |
||
| 050 | 1 | 4 |
_aTA407.2 _b.R6 2002eb |
| 082 |
_a621.51 _bYOU |
||
| 100 | 1 |
_aYoung, Warren C. _q(Warren Clarence), _d1923- _983589 |
|
| 240 | 1 | 0 | _aFormulas for Stress and Strain |
| 245 | 1 | 0 |
_aRoark's Formulas for Stress and Strain / _cWarren C. Young, Richard G. Budynas. |
| 250 | _a7th ed. | ||
| 260 |
_aNew York : _bMcGraw-Hill, _cc2002. |
||
| 300 |
_axii, 852 p. : _bill. ; _c23 cm. |
||
| 504 | _aIncludes bibliographical references and index. | ||
| 533 |
_aElectronic reproduction. _bNorwich, N.Y. : _cknovel Corporation, _d2002. _nSystem requirements: Adobe Acrobat Reader. _nAvailable via the World Wide Web. _nAccess restricted to users at licensed institutions. |
||
| 534 | _aOriginally published under title: Formulas for stress and strain. | ||
| 563 | _aPB | ||
| 650 | 0 |
_aStrains and stresses _vTables. _983590 |
|
| 650 | 0 |
_aStrength of materials _vTables. _983591 |
|
| 655 | 7 |
_aElectronic books. _2local _9621 |
|
| 700 | 1 |
_aBudynas, Richard G. _q(Richard Gordon) |
|
| 700 | 1 |
_aRoark, Raymond J. _q(Raymond Jefferson), _d1890-1966. _tFormulas for stress and strain. _983592 |
|
| 710 | 2 |
_aKnovel (Firm) _940981 |
|
| 776 | 1 |
_cOriginal _z007072542X _w(DLC) 2001278787 _w(OCoLC)43673663 |
|
| 856 | 4 | 0 |
_uhttp://www.columbia.edu/cgi-bin/cul/resolve?clio3333823 _zClick here for full text. |
| 942 |
_2ddc _cBK |
||
| 999 |
_c32135 _d32135 |
||